Подробности
| 000 -МАРКЕР |
| контрольное поле |
01620nam0a2200373 4500 |
| 001 - ИДЕНТИФИКАТОР ЗАПИСИ |
| контрольное поле |
RU\NLR\BIBL_A\012069486 |
| 005 - ИДЕНТИФИКАТОР ВЕРСИИ |
| контрольное поле |
20260407063216.0 |
| 010 ## - МЕЖДУНАРОДНЫЙ СТАНДАРТНЫЙ НОМЕР КНИГИ (ISBN) |
| Номер (ISBN) |
978-5-6042358-6-7 |
| Тираж |
120 |
| 021 ## - НОМЕР ГОСУДАРСТВЕННОЙ РЕГИСТРАЦИИ |
| Код страны |
российская федерация |
| Номер |
2019-49330 |
| Номер Листа государственной регистраци |
КН-П-3581 |
| 035 ## - ДРУГИЕ СИСТЕМНЫЕ НОМЕРА |
| Идентификатор записи |
(RuMoRGB)010028710 |
| 035 ## - ДРУГИЕ СИСТЕМНЫЕ НОМЕРА |
| Идентификатор записи |
(NLR Aleph) 012069486 |
| 100 ## - ДАННЫЕ ОБЩЕЙ ОБРАБОТКИ |
| Данные общей обработки |
20190805d2019 |||y0rusy50 ca |
| 101 0# - ЯЗЫК РЕСУРСА |
| Язык текста, звукозаписи и т.д. |
русский |
| 102 ## - СТРАНА ПУБЛИКАЦИИ ИЛИ ПРОИЗВОДСТВА |
| Страна публикации |
российская федерация |
| 105 ## - ПОЛЕ КОДИРОВАННЫХ ДАННЫХ: ТЕКСТОВЫЕ МАТЕРИАЛЫ, МОНОГРАФИЧЕСКИЕ |
| Кодированные данные о монографическом текстовом документе |
a|||z|||000zy |
| 200 1# - ЗАГЛАВИЕ И СВЕДЕНИЯ ОБ ОТВЕТСТВЕННОСТИ |
| Основное заглавие |
Самоучитель по Таро Уэйта |
| Сведения, относящиеся к заглавию |
[книга руководство] |
| Первые сведения об ответственности |
Склярова Вера |
| 210 ## - ПУБЛИКАЦИЯ, РАСПРОСТРАНЕНИЕ И ДР. |
| Место издания, распространения и т.д. |
Нижний Новгород |
| Имя издателя, распространителя и т. д. |
Москвичев А.Г. |
| Дата издания, распространения и т.д. |
2019 |
| 215 ## - ФИЗИЧЕСКАЯ ХАРАКТЕРИСТИКА |
| Специфическое обозначение материала и объем |
115, [3] с. |
| Другие сведения о физической характеристике |
ил. |
| Размеры |
21 |
| Сопроводительный материал |
78 цв. карт |
| 309 ## - ПРИМЕЧАНИЯ ОБ ОСНОВНОМ ИСТОЧНИКЕ ИНФОРМАЦИИ И ОБ ОСОБЕННОСТЯХ ПОЛИГРАФИЧЕСКОГО ОФОРМЛЕНИЯ ИЗДАНИЯ |
| Текст примечания |
Кн. и карт. вложены в коробку с загл.: Таро Уэйта для начинающих Веры Скляровой |
| 333 ## - ПРИМЕЧАНИЯ ОБ ОСОБЕННОСТЯХ РАСПРОСТРАНЕНИЯ И ИСПОЛЬЗОВАНИЯ |
| Текст примечания |
16+ |
| 500 10 - УНИФИЦИРОВАННОЕ ЗАГЛАВИЕ |
| Унифицированное заглавие |
Таро Уэйта |
| -- |
570 |
| 517 1# - ДРУГИЕ ВАРИАНТЫ ЗАГЛАВИЯ |
| Вариант заглавия |
Таро Уэйта для начинающих Веры Скляровой |
| 606 ## - НАИМЕНОВАНИЕ ТЕМЫ КАК ПРЕДМЕТ |
| Наименование темы |
Таро |
| Системный номер авторитетной/нормативной записи |
2073672 |
| Идентификатор авторитетной/нормативной записи |
RU\NLR\AUTH\661248597 |
| 686 2# - ИНДЕКСЫ ДРУГИХ КЛАССИФИКАЦИЙ |
| Индекс |
Э391.215 |
| 700 #1 - ИМЯ ЛИЦА - ПЕРВИЧНАЯ ОТВЕТСТВЕННОСТЬ |
| Материалы, к которым относится поле |
rus |
| Графика поля |
Кириллица |
| Начальный элемент ввода |
Склярова |
| Часть имени, кроме начального элемента ввода |
В. А. |
| Расширение инициалов личного имени |
Вера Анатольевна |
| Идентификатор авторитетной/нормативной записи |
RU\NLR\AUTH\7713412 |
| Системный номер авторитетной/нормативной записи |
123102 |
| 702 #1 - ИМЯ ЛИЦА - ВТОРИЧНАЯ ОТВЕТСТВЕННОСТЬ |
| Код отношения |
Прочие |
| Материалы, к которым относится поле |
rus |
| Графика поля |
Кириллица |
| Начальный элемент ввода |
Уэйт |
| Часть имени, кроме начального элемента ввода |
А. Э. |
| Даты |
1857-1942 |
| Расширение инициалов личного имени |
Артур Эдвард |
| Идентификатор авторитетной/нормативной записи |
RU\NLR\AUTH\7784513 |
| Системный номер авторитетной/нормативной записи |
67441 |
| 852 ## - МЕСТОНАХОЖДЕНИЕ И ШИФР ХРАНЕНИЯ |
| Идентификатор организации |
NLR |
| Шифр хранения (Call Number) |
Игр/2314 |
| 942 ## - ДОПОЛНИТЕЛЬНЫЕ ЭЛЕМЕНТЫ ЗАПИСИ (АБИС) |
| Тип экземпляра АБИС |
Книга |
| 980 ## - КОЛЛЕКЦИЯ |
| Название коллекции |
Национальная библиография |